Phương pháp nghiên cứu khoa học giáo dục mầm non
Những vấn đề chung trong nghiên cứu khoa học giáo dục mầm non; Những phương pháp cụ thể nghiên cứu khoa học giáo dục mầm non; Sử dụng toán học trong nghiên cứu khoa học giáo dục mầm non. Các bước tiến hành một công trình nghiên cứu khoa học. Một số văn bản liên quan đến công tác đào tạo sau đại học...
Guardado en:
| Autor principal: | |
|---|---|
| Formato: | Libro |
| Lenguaje: | Vietnamese |
| Publicado: |
H.
Đại học Sư phạm
2015
|
| Edición: | In lần thứ 2 |
| Materias: | |
| Etiquetas: |
Agregar Etiqueta
Sin Etiquetas, Sea el primero en etiquetar este registro!
|
| Thư viện lưu trữ: | Mạng thư viện Đại học Đà Nẵng |
|---|
| LEADER | 01700nam a2200373 4500 | ||
|---|---|---|---|
| 001 | 000023157 | ||
| 003 | 19606 | ||
| 005 | 20150605080608.0 | ||
| 008 | 150601s2015 viesd | ||
| 020 | |c 33000 | ||
| 041 | 0 | |a vie | |
| 082 | 0 | 0 | |a 372.210721 |b NG-T |
| 100 | 1 | |a Nguyễn Ánh Tuyết | |
| 245 | 1 | 0 | |a Phương pháp nghiên cứu khoa học giáo dục mầm non |c Nguyễn Ánh Tuyết(ch.b), Lê Thị Kim Anh, Đinh Văn Vang |
| 250 | |a In lần thứ 2 | ||
| 260 | |a H. |b Đại học Sư phạm |c 2015 | ||
| 300 | |a 138 tr. |b hình vẽ, bảng |c 24 cm. | ||
| 504 | |a Thư mục ở đầu sách | ||
| 520 | 3 | |a Những vấn đề chung trong nghiên cứu khoa học giáo dục mầm non; Những phương pháp cụ thể nghiên cứu khoa học giáo dục mầm non; Sử dụng toán học trong nghiên cứu khoa học giáo dục mầm non. Các bước tiến hành một công trình nghiên cứu khoa học. Một số văn bản liên quan đến công tác đào tạo sau đại học | |
| 650 | 0 | 4 | |a Giáo dục mầm non |x Phương pháp nghiên cứu khoa học |
| 653 | |a Nghiên cứu khoa học | ||
| 653 | |a Giáo dục mầm non | ||
| 653 | |a Mẫu giáo | ||
| 700 | 1 | |a Nguyễn Ánh Tuyết | |
| OWN | |a LSP | ||
| AVA | |a UDN50 |b LSP |d 372.210721 NG-T |e check_holdings |t Error 5003 Not defined in file expand_doc_bib_avail. |h N |k 1 | ||
| 999 | |a From the UDN01 | ||
| AVA | |a UDN50 |b LSP |d 372.210721 NG-T |e available |t Error 5001 Not defined in file expand_doc_bib_avail. |f 30 |g 1 |h N |i 14 |k 1 | ||
| TYP | |a Monograph | ||
| TYP | |a Printed language | ||
| 980 | |a Mạng thư viện Đại học Đà Nẵng | ||